000 00676nam a2200289Ia 4500
005 20260324135556.0
008 008 260324s9999 xx 000 0 eng d
020 _a9780203132340
037 _aEBOOK
040 _aCRL
040 _beng
040 _cCRL
041 _2eng
041 _aeng
084 _qCRL
100 _aJ.J. Clarke
_91201109
245 4 _aThe Tao of the West
245 0 _bWestern Tranformations of Taoist Thought
260 _bTaylor and Francis
260 _c2000
365 _a
365 _b230
856 _uhttp://www.taylorfrancis.com/books/9780203132340
942 _cEBOOK
999 _c1802336
_d1802336